Spuren des Unwiederholbaren
| Titel: | Spuren des Unwiederholbaren : das Archiv des Deutschen Theaters Berlin / von Karl Sand |
|---|---|
| Verfasser: | |
| In: |
Archivar, Band 69, Heft 4 (2016), Seite 318-322 alle Artikel anzeigen |
| Veröffentlicht: | 2016 |
| Format: | Aufsatz |
| Sprache: | Deutsch |
X
alg: 39656193 001A $04504:13-12-16 001B $06050:09-03-20 $t10:45:55.000 001C $04504:13-12-16 $t11:49:36.000 001D $04504:13-12-16 001U $0utf8 001X $00 002@ $0Aou 002C $aText $btxt $2rdacontent 002D $aohne Hilfsmittel zu benutzen $bn $2rdamedia 002E $aBand $bnc $2rdacarrier 003@ $0396561934 007A $0396561934 $aHEB 007T $0ArchMa25888 010@ $ager 010E $erda 011@ $a2016 021A $aSpuren des Unwiederholbaren $ddas Archiv des Deutschen Theaters Berlin $hvon Karl Sand 028A $BVerfasser $4aut $7 $8Sand, Karl [Tnu] $9396561888 031A $d69 $e4 $h318-322 $j2016 039B $aEnthalten in $8--Abvc--. Archivar. - Duisburg : Landesarchiv Nordrhein-Westfalen, [1947-2022]. - ISSN 0003-9500 $x201600000690004682 $9047106999 044K $#Deutsches Theater $#Das @Deutsche Theater $#DT $74058252-8 $8Deutsches Theater Berlin [Tb1] $9085161594 044K $RArchivkunde $RArchivalien $RArchivar $RKulturelle Einrichtung $#Archives $#Archives $#Archivos $#Archiv $#Archiv $#Archivwesen $#Archive $74002859-8 $8Archiv [Ts1] $9084999330 045T $a8,1 $a24,1 045T $aBBI $qDE-23 $2FID 045V $803.16.05$jLiteraturarchive. Museen. Forschungsinstitute. Gesellschaften. Sammlungen. Stiftungen [Tkx] $9118844253 045V $805.09.02$jDrama. Theater [Tkx] $9118844342 lok: 39656193 62 exp: 39656193 62 1 #EPN 201B/01 $013-12-16 $t22:09:36.000 203@/01 $0796642621 208@/01 $a13-12-16 $be 209A/01 $a/ $f000 $x00 209B/01 $a2016 $x05 247C/01 $8Frankfurt, Bibliographie der Deutschen Sprach- und Literaturwissenschaft $9113214561 201U/01 $0utf8 lok: 39656193 105 exp: 39656193 105 1 #EPN 201B/01 $030-01-19 $t16:20:54.000 201C/01 $030-01-19 201U/01 $0utf8 203@/01 $01042463425 208@/01 $a13-12-18 $be 209A/01 $a/ $f106 $x00 245Z/01 $a2.15.08. $bArchivwissenschaft und Archivtheorie / Archivbereiche / Literatur- und Kunstarchive $x01 245Z/01 $a3.08.02. $bArchivwesen des Bundes- und der deutschen Bundesländer / Berlin / Archive und Archivbestände $x02 247C/01 $8->Marburg, Bibliographie zum Archivwesen der Archivschule Marburg $939588196X
| LEADER | 00000caa a2200000 c 4500 | ||
|---|---|---|---|
| 001 | 396561934 | ||
| 003 | DE-603 | ||
| 005 | 20200309104555.0 | ||
| 007 | tu | ||
| 008 | 161213s2016 xx |||| | u00||u|ger c | ||
| 035 | |a (DE-599)HEB396561934 | ||
| 040 | |a DE-603 |b ger |c DE-603 |d DE-603 |e rda | ||
| 041 | |a ger | ||
| 084 | |a 8,1 |a 24,1 |2 ssgn | ||
| 084 | |a BBI |q DE-23 |2 fid | ||
| 100 | 1 | |a Sand, Karl |e Verfasser |4 aut |0 (DE-603)396561888 | |
| 245 | 0 | 0 | |a Spuren des Unwiederholbaren |b das Archiv des Deutschen Theaters Berlin |c von Karl Sand |
| 264 | 0 | |c 2016 | |
| 336 | |a Text |b txt |2 rdacontent | ||
| 337 | |a ohne Hilfsmittel zu benutzen |b n |2 rdamedia | ||
| 338 | |a Band |b nc |2 rdacarrier | ||
| 610 | 1 | 7 | |a Deutsches Theater Berlin |2 gnd |0 (DE-588)4058252-8 |0 (DE-603)085161594 |
| 650 | 7 | |a Archiv |0 (DE-588)4002859-8 |0 (DE-603)084999330 |2 gnd | |
| 773 | 0 | 8 | |i Enthalten in |t Archivar |d Duisburg : Landesarchiv Nordrhein-Westfalen, [1947-2022] |h 30 cm |x 0003-9500 |g Band 69, Heft 4 (2016), Seite 318-322 |w (DE-603)047106999 |w (DE-600)120993-0 |
| 924 | 0 | |9 603 |a (DE-603)796642621 |b DE-603 |c HES |d d | |
| 924 | 0 | |9 - |a (DE-603)1042463425 |b DE- |c HES |d d |g / | |